书目信息 |
| 题名: |
野火中文版Pro/ENGINGEER零部件造型设计
|
|
| 作者: | 孙印杰 , 任学军 , 张万里 编著 | |
| 分册: | ||
| 出版信息: | 北京 电子工业出版社 2004.9 |
|
| 页数: | 12,320页 | |
| 开本: | 26cm | |
| 丛书名: | ||
| 单 册: | ||
| 中图分类: | TH122 | |
| 科图分类: | ||
| 主题词: | 机械设计--ji xie she ji--计算机辅助设计--应用软件 , 机械设计--ji xie she ji , 计算机辅助设计--ji suan ji fu zhu she ji , 应用软件--ying yong ruan jian | |
| 电子资源: | ||
| ISBN: | 7-121-00363-5 | |
| 000 | 01231nam0 2200313 45 | |
| 001 | 012005000794 | |
| 005 | 20051208081945.03 | |
| 010 | @a7-121-00363-5@dCNY35.00(含光盘) | |
| 010 | @a7-89496-491-3@b光盘 | |
| 100 | @a20050422d2004 em y0chiy0121 ea | |
| 101 | 0 | @achi |
| 102 | @aCN@b110000 | |
| 105 | @af z 000yy | |
| 200 | 1 | @a野火中文版Pro/ENGINGEER零部件造型设计@Aye huo zhong wen ban Pro/ENGINGEER ling bu jian zao xing she ji@f孙印杰,任学军,张万里等编著 |
| 210 | @a北京@c电子工业出版社@d2004.9 | |
| 215 | @a12,320页@c图@d26cm@e光盘1片 | |
| 330 | @a本书以实例详解的方式介绍了如何使用野火中文版Pro/ENGINGEER进行零部件造型设计。全书循序渐进地介绍了野火中文版Pro/ENGINGEER的基础知识、二维草图绘制、曲面绘制、三维实体特征等内容。 | |
| 333 | @a阅读对象:相关工程技术人员等 | |
| 606 | 0 | @a机械设计@Aji xie she ji@x计算机辅助设计@x应用软件 |
| 606 | 0 | @a机械设计@Aji xie she ji |
| 606 | 0 | @a计算机辅助设计@Aji suan ji fu zhu she ji |
| 606 | 0 | @a应用软件@Aying yong ruan jian |
| 610 | 0 | @aPro/ENGINEER |
| 690 | @aTH122@v4 | |
| 701 | 0 | @a孙印杰@Asun yin jie@4编著 |
| 701 | 0 | @a任学军@Aren xue jun@4编著 |
| 701 | 0 | @a张万里@Azhang wan li@4编著 |
| 801 | 0 | @aCN@bSRXX@c20051208 |
| 905 | @a10447@dTH122@eS970 | |
| 野火中文版Pro/ENGINGEER零部件造型设计/孙印杰,任学军,张万里等编著.-北京:电子工业出版社,2004.9 |
| 12,320页:图;26cm+光盘1片 |
| 使用对象:阅读对象:相关工程技术人员等 |
| ISBN 7-121-00363-5:CNY35.00(含光盘) |
| 本书以实例详解的方式介绍了如何使用野火中文版Pro/ENGINGEER进行零部件造型设计。全书循序渐进地介绍了野火中文版Pro/ENGINGEER的基础知识、二维草图绘制、曲面绘制、三维实体特征等内容。 |
| ● |
| 相关链接 |
|
|
|
正题名:野火中文版Pro/ENGINGEER零部件造型设计
索取号:TH122/S970
 
预约/预借
| 序号 | 登录号 | 条形码 | 馆藏地/架位号 | 状态 | 备注 |
| 1 | 546471 | 205464718 | 自科库501/501自科库 33排4列3层/ [索取号:TH122/S970] | 在馆 | |
| 2 | 546472 | 205464727 | 自科二线400A/400A自科库 30排3列2层/ [索取号:TH122/S970] | 在馆 | |
| 3 | 546473 | 205464736 | 自科二线400A/400A自科库 30排3列2层/ [索取号:TH122/S970] | 在馆 |